<?xml version="1.0" encoding="UTF-8"?>
<record
    xmlns:xsi="http://www.w3.org/2001/XMLSchema-instance"
    xsi:schemaLocation="http://www.loc.gov/MARC21/slim http://www.loc.gov/standards/marcxml/schema/MARC21slim.xsd"
    xmlns="http://www.loc.gov/MARC21/slim">

  <leader>01072nam a22002897a 4500</leader>
  <controlfield tag="003">AR-BeUNQ</controlfield>
  <controlfield tag="005">20240430121332.0</controlfield>
  <controlfield tag="008">180413b        xxu||||| |||| 00| 0 spa d</controlfield>
  <datafield tag="020" ind1=" " ind2=" ">
    <subfield code="a">9875502391</subfield>
  </datafield>
  <datafield tag="040" ind1=" " ind2=" ">
    <subfield code="a">AR-BeUNQ</subfield>
    <subfield code="b">spa</subfield>
    <subfield code="e">aacr</subfield>
    <subfield code="c">AR-BeUNQ</subfield>
  </datafield>
  <datafield tag="082" ind1=" " ind2="9">
    <subfield code="2">21</subfield>
    <subfield code="a">907</subfield>
  </datafield>
  <datafield tag="100" ind1=" " ind2=" ">
    <subfield code="a">Canesa, Julio</subfield>
    <subfield code="e">aut</subfield>
  </datafield>
  <datafield tag="245" ind1=" " ind2=" ">
    <subfield code="a">Historia 4 : De la gran crisis a la globalizaci&#xF3;n :</subfield>
    <subfield code="b">(1930 hasta la actualidad)</subfield>
    <subfield code="c">Julio Canessa</subfield>
  </datafield>
  <datafield tag="250" ind1=" " ind2=" ">
    <subfield code="a">1a. ed</subfield>
  </datafield>
  <datafield tag="260" ind1=" " ind2=" ">
    <subfield code="a">Buenos Aires :</subfield>
    <subfield code="b">Longseller, </subfield>
    <subfield code="c">2002</subfield>
  </datafield>
  <datafield tag="300" ind1=" " ind2=" ">
    <subfield code="a">112 p. ;</subfield>
    <subfield code="b">il. ;</subfield>
    <subfield code="c">28 cm.</subfield>
  </datafield>
  <datafield tag="490" ind1=" " ind2=" ">
    <subfield code="a">Historia | Polimodal</subfield>
    <subfield code="v">4</subfield>
    <subfield code="x">987948164x</subfield>
  </datafield>
  <datafield tag="504" ind1=" " ind2=" ">
    <subfield code="a">Referencias bibliogr&#xE1;ficas y Fuentes Bibliogr&#xE1;ficas</subfield>
  </datafield>
  <datafield tag="505" ind1=" " ind2=" ">
    <subfield code="a">Actividad inicial, texto central o enmarcado. Actividades, Guia de profundizacion</subfield>
    <subfield code="g">Texto enmarcado</subfield>
  </datafield>
  <datafield tag="521" ind1=" " ind2=" ">
    <subfield code="a">secundaria</subfield>
  </datafield>
  <datafield tag="600" ind1=" " ind2=" ">
    <subfield code="a">Paura, Vilma</subfield>
    <subfield code="c">Licenciada</subfield>
  </datafield>
  <datafield tag="650" ind1=" " ind2=" ">
    <subfield code="a">Historia siglo XX</subfield>
    <subfield code="2">spines</subfield>
  </datafield>
  <datafield tag="651" ind1=" " ind2=" ">
    <subfield code="a">Europa - Am&#xE9;rica Latina</subfield>
    <subfield code="2">tell</subfield>
  </datafield>
  <datafield tag="700" ind1=" " ind2=" ">
    <subfield code="a">Serrano, Gerardi</subfield>
    <subfield code="e">coaut</subfield>
    <subfield code="k">siglo XX</subfield>
    <subfield code="l">academico</subfield>
  </datafield>
  <datafield tag="929" ind1=" " ind2=" ">
    <subfield code="a">DONACION</subfield>
    <subfield code="b">EES N&#xB0; 15</subfield>
    <subfield code="e">201712010</subfield>
    <subfield code="j">56872</subfield>
    <subfield code="f">PAT0081451</subfield>
  </datafield>
  <datafield tag="942" ind1=" " ind2=" ">
    <subfield code="c">LIB</subfield>
    <subfield code="n">0</subfield>
  </datafield>
  <datafield tag="999" ind1=" " ind2=" ">
    <subfield code="c">180</subfield>
    <subfield code="d">180</subfield>
  </datafield>
  <datafield tag="952" ind1=" " ind2=" ">
    <subfield code="0">0</subfield>
    <subfield code="1">0</subfield>
    <subfield code="a">BIBESET</subfield>
    <subfield code="b">BIBESET</subfield>
    <subfield code="c">circulacion</subfield>
    <subfield code="d">2018-04-13</subfield>
    <subfield code="l">0</subfield>
    <subfield code="o">907 CAN</subfield>
    <subfield code="p">56871</subfield>
    <subfield code="r">2018-04-13</subfield>
    <subfield code="t">1</subfield>
    <subfield code="w">2022-02-25</subfield>
    <subfield code="y">LIB</subfield>
    <subfield code="k">GA</subfield>
  </datafield>
  <datafield tag="952" ind1=" " ind2=" ">
    <subfield code="0">0</subfield>
    <subfield code="1">0</subfield>
    <subfield code="a">BIBESET</subfield>
    <subfield code="b">BIBESET</subfield>
    <subfield code="c">circulacion</subfield>
    <subfield code="d">2018-04-13</subfield>
    <subfield code="l">0</subfield>
    <subfield code="o">907 CAN</subfield>
    <subfield code="p">56872</subfield>
    <subfield code="r">2018-04-13</subfield>
    <subfield code="t">2</subfield>
    <subfield code="w">2022-02-25</subfield>
    <subfield code="y">LIB</subfield>
    <subfield code="k">GA</subfield>
  </datafield>
  <datafield tag="952" ind1=" " ind2=" ">
    <subfield code="0">0</subfield>
    <subfield code="1">0</subfield>
    <subfield code="a">BIBESET</subfield>
    <subfield code="b">BIBESET</subfield>
    <subfield code="c">circulacion</subfield>
    <subfield code="d">2018-04-13</subfield>
    <subfield code="l">0</subfield>
    <subfield code="o">907 CAN</subfield>
    <subfield code="p">56873</subfield>
    <subfield code="r">2018-04-13</subfield>
    <subfield code="t">3</subfield>
    <subfield code="w">2022-02-25</subfield>
    <subfield code="y">LIB</subfield>
    <subfield code="k">GA</subfield>
  </datafield>
  <datafield tag="952" ind1=" " ind2=" ">
    <subfield code="0">0</subfield>
    <subfield code="1">0</subfield>
    <subfield code="a">BIBESET</subfield>
    <subfield code="b">BIBESET</subfield>
    <subfield code="c">circulacion</subfield>
    <subfield code="d">2018-04-13</subfield>
    <subfield code="l">0</subfield>
    <subfield code="o">907 CAN</subfield>
    <subfield code="p">56874</subfield>
    <subfield code="r">2018-04-13</subfield>
    <subfield code="t">4</subfield>
    <subfield code="w">2022-02-25</subfield>
    <subfield code="y">LIB</subfield>
    <subfield code="k">GA</subfield>
  </datafield>
</record>
